000
00224 a2200097 4500
001
40027
100
_a
AZI K K Aziz
245
_a
Britain & Muslim India
260
_a
Lahore
_b
Islamic Book Service
_c
090
_c
25015
_d
25015
942
_a
NUST-CAE
_c
M
_c
16687
999
_c
275100
_d
275100